| 000 | 00893nam a2200217 i 4500 | ||
|---|---|---|---|
| 001 | 147736 | ||
| 003 | ES-MaACL | ||
| 005 | 20230906202230.0 | ||
| 007 | t| | ||
| 008 | 071005s1947 sp ||||1| spa d | ||
| 100 | 1 |
_aUnzueta y Yuste, Abelardo de. _9112037 |
|
| 245 | 1 | 0 |
_aGeografía histórica de la isla de Fernando Póo / _cpor Abelardo de Unzueta y Yuste ; prólogo de José Mª Cordero Torres. |
| 260 |
_aMadrid : _bInstituto de Estudios Africanos, _c1947. |
||
| 300 |
_a498 p., 1 h. con 2 map. con 11 lám. : _bil. ; _c24 cm. |
||
| 500 | _aPrecede al tít.: Consejo Superior de Investigaciones Científicas. | ||
| 700 | 1 |
_aCordero Torres, José María, _d1909-1977 _940527 |
|
| 710 | 2 |
_aConsejo Superior de Investigaciones Científicas (España) _93236 |
|
| 710 | 2 |
_aInstituto de Estudios Africanos. _94881 |
|
| 852 |
_aES-MaACL _jC-5313 _bR.25516 |
||
| 999 |
_c147736 _d147736 |
||